UAE Immigrant Religions by Language - Statistics

General Stats
  • This quiz has been taken 290 times
  • The average score is 61 of 101
Answer Stats
Number of Language % Correct
1,229,000 | 74,000 Arabic
97%
123,000 | 15,000 | 63,000 English
97%
30,000 Hindi
94%
1,105,000 Urdu
89%
1,000 | 13,000 Spanish
88%
12,000 | 14,000 French
87%
10,000 | 350,000 Farsi
85%
20,000 | 50,000 Russian
84%
2,000 | 8,000 German
80%
17,000 | 5,000 Malay
80%
10,000 Turkish
78%
1,000 | 8,000 Portuguese
77%
10,000 | 30,000 | 750,000 Bengali
76%
10,000 | 20,000 Mandarin
76%
2,000 | 6,000 Italian
75%
350,000 Tagalog
75%
2,000 Japanese
73%
120,000 | 260,000 | 75,000 Tamil
71%
1,000 Korean
70%
180,000 | 20,000 | 61,000 Punjabi
69%
57,000 | 7,000 Thai
67%
1,000 | 3,000 Vietnamese
67%
1,000 | 2,000 Dutch
66%
1,000 | 3,000 Greek
65%
529,000 Pashto
64%
1,000 | 3,000 Ukrainian
62%
1,000 | 2,000 Swedish
60%
14,000 | 2,000 Romanian
59%
175,000 | 20,000 | 30,000 Nepali
58%
14,000 Uzbek
58%
3,000 Serbo-Croatian
57%
6,000 Kazakh
55%
4,000 Burmese
53%
1,000 | 4,000 Bulgarian
51%
10,000 | 20,000 Marathi
49%
60,000 Swahili
49%
2,000 | 6,000 Khmer
48%
2,000 Armenian
47%
1,000 Danish
47%
1,000 Finnish
47%
200,000 | 350,000 | 510,000 Malayalam
47%
90,000 Somali
47%
10,000 Telugu
47%
5,000 Kannada
44%
10,000 | 140,000 Sinhala
44%
20,000 Amharic
43%
4,000 Kyrgyz
38%
10,000 Yoruba
38%
60,000 Javanese
35%
102,000 Sindhi
32%
20,000 Hausa
30%
20,000 Oromo
24%
373,000 Balochi
23%
10,000 Tatar
20%
10,000 Sunda
18%
10,000 Uyghur
18%
6,000 Rohingya
4%
1,000 | 4,000 Shona
3%
70,000 Maguindanao
0%
No matching quizzes found
Score Distribution
Percent of People with Each Score
Percentile by Number Answered
Your Score History
You have not taken this quiz